000 00626cam a2200229 4500500
005 20260405001732.0
041 _afre
042 _adc
100 1 0 _aOrtoli, Sven
_eauthor
245 0 0 _aMiroir, mon beau miroir
260 _c2014.
500 _a74
690 _aAnimal
690 _aBuffon
690 _aMerleau-Ponty
690 _aMiroir
690 _aNeurones miroir
690 _aselfie
690 _aTélescope
786 0 _nPhilosophie magazine | 79 | 5 | 2014-05-01 | p. 7-7 | 1951-1787
856 4 1 _uhttps://shs.cairn.info/magazine-philosophie-magazine-2014-5-page-7?lang=fr&redirect-ssocas=7080
999 _c2050555
_d2050555